Aspekty súvisiace s využívaním biomasy
Biomasa tvorí súčasť odpadov a zvyškov z poľnohospodárstva, či rôznych vhodných biologicky rozložiteľných frakcii ako komunálneho odpadu. Biomasa nachádza rôzne uplatnenie, pričom sa šetrí životné prostredie v spektre obnoviteľných zdrojov.
Enregistré dans:
| Auteur principal: | |
|---|---|
| Autres auteurs: | , |
| Format: | Chapitre de livre |
| Langue: | slovaque |
| Sujets: | |
| Tags: |
Pas de tags, Soyez le premier à ajouter un tag!
|
MARC
| LEADER | 00000naa a2200000 4500 | ||
|---|---|---|---|
| 001 | 0306448 | ||
| 005 | 20250129085709.6 | ||
| 041 | 0 | |a slo | |
| 044 | |a CZ | ||
| 245 | 1 | 0 | |a Aspekty súvisiace s využívaním biomasy |c Marián Sudzina, Katarína Miklášová, Michal Stričík |
| 520 | |a Biomasa tvorí súčasť odpadov a zvyškov z poľnohospodárstva, či rôznych vhodných biologicky rozložiteľných frakcii ako komunálneho odpadu. Biomasa nachádza rôzne uplatnenie, pričom sa šetrí životné prostredie v spektre obnoviteľných zdrojov. | ||
| 610 | 2 | 0 | |a odpad |
| 610 | 2 | 0 | |a biomasa |
| 610 | 2 | 0 | |a prostredie životné |
| 100 | 1 | |a Sudzina, Marián | |
| 700 | 1 | |a Miklášová, Katarína | |
| 700 | 1 | |a Stričík, Michal, 1969- | |